00671nam a2200169 a 4500090002100000041000800021245009600029249011000125260003200235300000900267650003800276650002800314650002000342662001400362773011000376999001500486 aIAVHb01299 CD-8 aspa aPAT - Plan de acción trienal PGAR - Plan de gestión ambiental regional, Acuerdos Conpes aInforme de actividades de apoyo en los eventos de socialización y retroalimentación del PAB Córdoba aMonteríabIAVHbCVSc2008 a1 CD aPlanes de manejo ambiental992717 aPlanes de acción9168 aAcuerdos992718 bCórdoba tInforme de actividades de apoyo en los eventos de socialización y retroalimentación del PAB Córdoba c7219d7219